Language Quiz

Random Language or Letter Quiz

J Is the 3rd Letter (A-Z) Quiz Stats

Quiz Updated Nov 2, 2017

Challenge
Share
Tweet
Embed
Score 0/24 Timer 05:00
0 Plays Today
Clue Answer % Correct
Sleepwearpajamas
95.4%
Like Louisiana cuisinecajun
91.6%
Adorned with precious stones bejeweled
90.8%
Take pleasure inenjoy
90.5%
Possible cause of a sports timeoutinjury
90%
Item found on a Mexican restaurant menufajita
88.8%
Turn downreject
86%
College concentrationmajor
82.8%
Daughter of acclaimed director John Huston who won an Oscar in 1986Anjelica
79.8%
Japanese martial artJujutsu
78%
1970's TV crime drama starring Telly SavalasKojak
75.3%
Feeling down in the dumpsdejected
71.3%
Clue Answer % Correct
Inequitableunjust
70.1%
US newspaper with the largest circulation (abbrev.)WSJ
68.9%
Annual pilgrimage to Meccahajj
68.4%
Golfer Singh who won the Masters in 2000Vijay
65.6%
Cry in a court roomObjection!
64.8%
A temporary visitsojourn
62.2%
Neighbor of ChinaTajikistan
53.6%
Affluent seaside community in San Diego (2 words)La Jolla
45.9%
Indian state where Gandhi was bornGujarat
17.3%
Capital of ChadN'Djamena
15.5%
1961 Akira Kurosawa film which translates as 'bodyguard'Yojimbo
13.9%
Travis of the New Jersey DevilsZajac
10.6%

You're not logged in!

Compare scores with friends on all Sporcle quizzes.
Sign Up with Email
OR
Log In

You Might Also Like...

Show Comments

Extras

Top Quizzes Today


Score Distribution

Your Account Isn't Verified!

In order to create a playlist on Sporcle, you need to verify the email address you used during registration. Go to your Sporcle Settings to finish the process.

Report this User

Report this user for behavior that violates our Community Guidelines.

Details: